000 00598nam a2200181Ia 4500
999 _c59093
_d59093
003 GCL
005 20240530110149.0
008 140319s9999 xx 000 0 ara d
040 _aGCL /
_cGCL
082 0 4 _a252.12
_bف ص
100 1 _aفهد بن عبدالرحمن الدوسرى
245 1 0 _aصفة وضوء النبى : صلى الله وعليه وسلم /
_cفهد بن عبدالرحمن الدوسرى
260 _a[S.N] :
_bمكتبة السنة للنشر والتوزيع ،
_c1994
300 _a48 ص
650 0 4 _aالعبادات
650 0 4 _aالوضوء
942 _2ddc
_cBK